Anti-dumping measures under the WTO regime: (Record no. 8035)

MARC details
000 -LEADER
fixed length control field 00686 a2200181 4500
010 ## - LCCN (DPL NO)
LC control number ENG-88312
020 ## - INTERNATIONAL STANDARD BOOK NUMBER
International Standard Book Number 9788175346130
Terms of availability 850.00
035 ## - SYSTEM CONTROL NUMBER
System control number EN-71845
037 ## - SOURCE OF ACQUISITION
Source of stock number/acquisition DBAD / PUB
082 14 - DEWEY DECIMAL CLASSIFICATION NUMBER
Classification number 343.54087
100 ## - MAIN ENTRY--PERSONAL NAME
Personal name Varshney, Neeraj
245 1# - TITLE STATEMENT
Title Anti-dumping measures under the WTO regime:
Statement of responsibility, etc by Neeraj Varshney
Remainder of title law, practice & procedure with special emphasis on Indian case-law/
260 ## - PUBLICATION, DISTRIBUTION, ETC. (IMPRINT)
Place of publication, distribution, etc New Delhi
Name of publisher, distributor, etc Universal Law Publishing
Date of publication, distribution, etc 2007
270 ## - ADDRESS
Address C-FF-1A, Dilkhush Induatrial Estate, Opp. Hans Cinema, G. T. Karnal Raod, Azadpur
City Delhi
Postal code 110 033
300 ## - PHYSICAL DESCRIPTION
Extent xxxv, 592p.
Dimensions 24cm ( Hb)
500 ## - GENERAL NOTE
General note Includes index
942 ## - ADDED ENTRY ELEMENTS (KOHA)
Institution code [OBSOLETE] dpl
Item type English Books
Source of classification or shelving scheme Dewey Decimal Classification
Classification part 343.54087
Call number suffix VAR
Holdings
Withdrawn status Lost status Not for loan Collection code Home library Current library Source of acquisition Cost, normal purchase price Full call number Barcode Copy number Cost, replacement price Koha item type
    Not For Loan Non-fiction D.B.Act.Division D.B.Act.Division DBAD/PUB 850.00 343.54087 VAR EN-71845 1 850.00 English Books

© Delhi Public Library
Hit Counter
free hit counter